| 000 | 01885nam a22005657a 4500 | ||
|---|---|---|---|
| 003 | OSt | ||
| 005 | 20230420125121.0 | ||
| 008 | 221006b |||||||| |||| 00| 0 eng d | ||
| 040 | _cBiblioteca Lado V | ||
| 082 |
_a700 _bZ39a |
||
| 100 |
_9802 _aZaya, Antonio _eeditor _edirector |
||
| 245 |
_aAtalantica/ _bRevista de Arte y Pensamiento/ |
||
| 260 |
_bCentro Atlantico de Arte Moderno _c1998 _aEspaña |
||
| 300 |
_c24x30cm _a224p. |
||
| 366 | _efre | ||
| 366 | _eeng | ||
| 490 |
_v1998 _x1132-8428 _a20 |
||
| 505 | _tEl Agua: un desafio | ||
| 505 | _tPabellon de Espana | ||
| 505 | _tAgua | ||
| 505 | _tAgua y Cielo | ||
| 505 | _tProyecto de Peter Fend | ||
| 505 | _teL transito DEL agua | ||
| 505 | _tProyecto de charlotee davis | ||
| 505 | _tComo evitar la guerra por el agua | ||
| 505 | _tPateras | ||
| 505 | _tImagenes Pet | ||
| 505 | _tProyecto de Concha Jerez | ||
| 505 | _tFluidos y Corrientes | ||
| 505 | _tLa Cuenca mediterránea | ||
| 505 | _tEl agua y/en el arte | ||
| 505 | _tProyecto de JUAN GALDEANO | ||
| 505 | _tDe la gota analógica al océano virtual | ||
| 505 | _tVirginia Wolf | ||
| 505 | _tAgua y Civilizacion | ||
| 505 | _tLa vida depende del agua | ||
| 505 | _tGota de Rioboo | ||
| 505 | _tSylvia Molina | ||
| 505 | _tMares Interiores | ||
| 650 |
_2Tesauro de Arte & Arquitectura _aARTE _9703 |
||
| 650 |
_2Tesauro de Arte & Arquitectura _aEXPOSICIONES |
||
| 650 |
_2Tesauro de Arte & Arquitectura _aCULTURA |
||
| 650 |
_2Tesauro de Arte & Arquitectura _aAPRECIACION |
||
| 650 |
_2Tesauro de Arte & Arquitectura _aTEORIA |
||
| 650 |
_2Tesauro de Arte & Arquitectura _aCRITICA |
||
| 650 |
_2Tesauro de Arte & Arquitectura _aFOTOGRAFIA _9702 |
||
| 650 |
_2Tesauro de Arte & Arquitectura _aLITERATURA |
||
| 650 |
_2Tesauro de Arte & Arquitectura _aESPAÑA |
||
| 942 |
_2ddc _c1 _h700 _iZ39a _n0 |
||
| 999 |
_c3407 _d3407 |
||